[Event "Steinfurt Bezirksklasse 0405"]
[Site "Germany"]
[Date "2004.10.09"]
[Round "2.8"]
[White "Bartsch, Lea"]
[Black "Sundermann, Max"]
[Result "1/2-1/2"]
[WhiteElo "881"]
[BlackElo "899"]
[PlyCount "39"]
[EventDate "2004.09.18"]
[EventType "team-tourn"]
[EventRounds "11"]
[EventCountry "GER"]
[SourceTitle "EXT 2006"]
[Source "ChessBase"]
[SourceDate "2005.11.24"]
[SourceVersion "1"]
[SourceVersionDate "2005.11.24"]
[SourceQuality "1"]
[WhiteTeam "Saerbeck IV"]
[BlackTeam "Steinfurt IV"]
[WhiteTeamCountry "GER"]
[BlackTeamCountry "GER"]

1. e4 e5 2. Nf3 Nc6 3. Nc3 Bc5 4. Bc4 Nf6 5. d3 h6 6. Nd5 0-0 7. h3 d6 8. 0-0 Nd4 9. Be3 c6 10. c3 cxd5 11. cxd4 exd4 12. Bxd4 dxc4 13. dxc4 Nxe4 14. Re1 Ng5 15. Bxc5 Nxf3+ 16. gxf3 Qg5+ 17. Kh2 dxc5 18. Rg1 Qf5 19. Qf1 Qxf3 20. Re1 1/2-1/2

[Event "Steinfurt Bezirksklasse 0405"]
[Site "Germany"]
[Date "2004.09.18"]
[Round "1.8"]
[White "Sundermann, Max"]
[Black "Gutjahr, Vladimir"]
[Result "0-1"]
[WhiteElo "899"]
[BlackElo "1308"]
[PlyCount "71"]
[EventDate "2004.09.18"]
[EventType "team-tourn"]
[EventRounds "11"]
[EventCountry "GER"]
[SourceTitle "EXT 2006"]
[Source "ChessBase"]
[SourceDate "2005.11.24"]
[SourceVersion "1"]
[SourceVersionDate "2005.11.24"]
[SourceQuality "1"]
[WhiteTeam "Steinfurt IV"]
[BlackTeam "Steinfurt III"]
[WhiteTeamCountry "GER"]
[BlackTeamCountry "GER"]

1. e4 e5 2. Nf3 Nc6 3. Bc4 Bc5 4. 0-0 d6 5. h3 h6 6. Nc3 Nge7 7. d3 a6 8. a3 Bd7 9. Bd2 Ng6 10. Nd5 Nce7 11. Nc3 Qc8 12. Kh2 Nc6 13. b4 Bd4 14. Rb1 b5 15. Bd5 Rb8 16. Ng1 Nd8 17. Qf3 0-0 18. Qg3 Ne6 19. Nce2 Kh7 20. c3 Bb6 21. d4 exd4 22. cxd4 Nxd4 23. Nf4 Ne6 24. Nh5 Bd4 25. e5 Bxe5 26. Nf4 Bd4 27. Nfe2 f5 28. Bxe6 Bf6 29. Bxd7 Qxd7 30. Qd3 Rfe8 31. Ng3 Nh4 32. Bc3 Bxc3 33. Qxc3 Qf7 34. Ra1 g6 35. Nxf5 Nxf5 36. Rae1 0-1